Pohjanmeren maat - Statistics

Yleistilastot
  • Tätä visaa on pelattu 1 084 kertaa
  • Keskiarvotulos 6 / 7
Vastaustilastot
Valtio % Oikein
Norja
97%
Tanska
95%
Saksa
90%
Yhdistynyt kuningaskunta
90%
Alankomaat
89%
Belgia
88%
Ranska
87%
Ehtoja vastaavia visoja ei löytynyt
Tulosjakauma
Jokaisen tuloksen saaneiden osuus
Persentiili vastausten määrän mukaan
Tuloshistoriasi
Et ole pelannut tätä visaa